[Event "AUTO-ADV-1272"]
[Site "http://www.queenalice.com/game.php?id=563981"]
[Date "2009.3.30"]
[Round "1"]
[White "baudkin"]
[Black "markam"]
[Result "1-0"]
[WhiteElo "2012"]
[BlackElo "1793"]

1. c4 e5 2. g3 Bb4 3. Bg2 Nf6 4. a3 Be7 5. Nc3 d6 6. Nf3 Bg4 7. O-O O-O 8. d4
exd4 9. Nxd4 c6 10. b4 Re8 11. b5 Qc7 12. Qd3 Nbd7 13. bxc6 bxc6 14. Nxc6 Rac8
15. Nb5 1-0

[Event "AUTO-OPEN-1496"]
[Site "http://www.queenalice.com/game.php?id=564268"]
[Date "2009.3.31"]
[Round "1"]
[White "SGF"]
[Black "markam"]
[Result "1-0"]
[WhiteElo "1545"]
[BlackElo "1667"]

1. e4 e5 2. Bc4 Nf6 3. Qf3 d6 4. h3 c6 5. d3 Be7 6. Bg5 b5 7. Bb3 a5 8. Nc3 Nbd7
9. Nge2 O-O 10. h4 h6 11. Bxf6 Bxf6 12. h5 Nc5 13. g4 Nxb3 14. axb3 Bb7 15. Ng3
Re8 16. Nf5 Bc8 17. b4 Bb7 18. bxa5 Bc8 19. O-O Rxa5 20. Rxa5 Qxa5 21. Nxd6 1-0

[Event "AUTO-OPEN-1496"]
[Site "http://www.queenalice.com/game.php?id=564269"]
[Date "2009.3.31"]
[Round "1"]
[White "markam"]
[Black "SGF"]
[Result "0-1"]
[WhiteElo "1690"]
[BlackElo "1522"]

1. e4 e5 2. f4 exf4 3. Nf3 Qf6 4. Bc4 d6 5. O-O Bg4 6. Nc3 c6 7. d4 Be7 8. Qd3
Bxf3 9. Rxf3 g5 10. Bd2 b5 11. Bb3 h5 12. e5 dxe5 13. dxe5 Qxe5 14. Re1 Qc5+ 15.
Kh1 Nf6 16. Ne4 Nxe4 17. Rxe4 O-O 18. Qe2 Re8 19. Re5 Qd6 0-1

[Event "AUTO-OPEN-1371"]
[Site "http://www.queenalice.com/game.php?id=564357"]
[Date "2009.3.31"]
[Round "2"]
[White "markam"]
[Black "serse"]
[Result "0-1"]
[WhiteElo "1638"]
[BlackElo "2462"]

1. e4 c5 2. Nf3 d6 3. d4 cxd4 4. Nxd4 Nf6 5. Nc3 a6 6. Be3 e6 7. f3 b5 8. Qd2
Nbd7 9. O-O-O Bb7 10. g4 Nb6 0-1

[Event "AUTO-ADV-1278"]
[Site "http://www.queenalice.com/game.php?id=566652"]
[Date "2009.4.4"]
[Round "1"]
[White "luizpessoa"]
[Black "markam"]
[Result "1-0"]
[WhiteElo "1723"]
[BlackElo "1782"]

1. d4 Nf6 2. e3 d5 3. h3 Bf5 4. Nc3 c6 5. Be2 e6 6. g4 Bg6 7. a3 Bd6 8. g5 Ne4
9. h4 Nxc3 10. bxc3 h6 11. gxh6 gxh6 12. h5 Bh7 13. Bd3 Bxd3 14. cxd3 Rg8 15. e4
Bf8 16. e5 Nd7 17. Nf3 Qe7 18. c4 O-O-O 19. c5 f5 20. a4 Bg7 21. a5 Rdf8 22. a6
b5 23. cxb6 Nxb6 24. Ba3 Qd7 25. Bxf8 Bxf8 26. Qc2 Bb4+ 27. Ke2 Kd8 28. Rac1 Kc7
29. Qb3 1-0

[Event "AUTO-ADV-1278"]
[Site "http://www.queenalice.com/game.php?id=566653"]
[Date "2009.4.4"]
[Round "1"]
[White "markam"]
[Black "luizpessoa"]
[Result "0-1"]
[WhiteElo "1615"]
[BlackElo "1803"]

1. e4 c5 2. c3 e5 3. Nf3 d6 4. d4 cxd4 5. cxd4 exd4 6. Nxd4 Nf6 7. Nc3 a6 8. Bg5
Nc6 9. Bc4 Be7 10. O-O h6 11. Be3 Nxd4 12. Bxd4 Bd7 13. Re1 Rb8 14. e5 dxe5 15.
Bxe5 Rc8 16. Bxf6 gxf6 17. Qb3 Kf8 18. Bxf7 Rh7 19. Bh5 b5 20. Rad1 Qc7 21. Nd5
Qb7 22. Nxe7 Rxe7 23. Rxe7 Kxe7 24. Qf7+ Kd8 25. Qe8+ Kc7 26. Qxd7+ Kb8 27. Qd6+
Ka7 28. Qd4+ Kb8 29. Qxf6 Ka7 30. Qd4+ Kb8 31. Qd6+ Ka7 32. Qxh6 Qe7 33. Qe3+
Qxe3 34. fxe3 Rc2 35. e4 Rc4 0-1

[Event "AUTO-OPEN-1502"]
[Site "http://www.queenalice.com/game.php?id=566685"]
[Date "2009.4.4"]
[Round "1"]
[White "Givanildo"]
[Black "markam"]
[Result "0-1"]
[WhiteElo "1384"]
[BlackElo "1789"]

1. d4 d5 2. Bf4 Nc6 3. e3 Nf6 4. f3 Nh5 5. Bb5 Nxf4 6. exf4 e6 7. Qe2 Bd7 8.
Bxc6 Bxc6 9. f5 Qe7 10. g4 O-O-O 11. c4 Qb4+ 12. Nc3 exf5 13. gxf5 Re8 14. a3
Rxe2+ 15. Nxe2 Qxb2 16. Rb1 Qxa3 17. cxd5 Bd7 18. O-O Bxf5 19. Rbc1 Bd3 20. Nb5
Bxb5 21. Nc3 Bxf1 22. Nb5 Qxc1 23. Nxa7+ Kb8 24. d6 Kxa7 25. d7 Bh3+ 26. Kf2
Bxd7 27. Kg3 Bd6+ 28. f4 Qxf4+ 29. Kg2 Qxh2+ 0-1

[Event "AUTO-OPEN-1502"]
[Site "http://www.queenalice.com/game.php?id=566686"]
[Date "2009.4.4"]
[Round "1"]
[White "markam"]
[Black "Givanildo"]
[Result "1-0"]
[WhiteElo "1793"]
[BlackElo "1382"]

1. d4 e6 2. c4 Bb4+ 3. Nc3 Nf6 4. Bg5 c5 5. e4 Qa5 6. Qc2 cxd4 7. Bxf6 dxc3 8.
Bxc3 Nc6 9. a3 Nd4 10. Qd2 Nb3 11. Bxb4 Qa4 12. Qd1 b6 13. Ne2 d5 14. Nc1 dxc4
15. Bxc4 a5 16. Bxb3 Qb5 17. Bc3 O-O 18. Qe2 Qc5 19. Nd3 Qg5 20. O-O e5 21. Nxe5
Bh3 22. f4 Qh4 23. gxh3 g5 24. Qg4 h6 25. Qxh4 gxh4 26. Rf2 Kh7 27. Bxf7 b5 28.
Rg2 b4 29. axb4 a4 30. Bg6+ Kh8 31. Nf7+ Kg8 32. Bh5+ Kh7 33. Rg7# 1-0

[Event "AUTO-OPEN-1502"]
[Site "http://www.queenalice.com/game.php?id=566707"]
[Date "2009.4.4"]
[Round "1"]
[White "westchessdf"]
[Black "markam"]
[Result "1-0"]
[WhiteElo "1787"]
[BlackElo "1764"]

1. e4 c5 2. Nf3 Nc6 3. d4 cxd4 4. Nxd4 e5 5. Nb3 d6 6. Nc3 Nf6 7. Bb5 Bd7 8. Bg5
Be7 9. Bxf6 Bxf6 10. O-O Rc8 11. Qxd6 Be7 12. Qd2 O-O 13. Rad1 a6 14. Bxa6 bxa6
15. Qxd7 Qxd7 16. Rxd7 1-0

[Event "AUTO-OPEN-1502"]
[Site "http://www.queenalice.com/game.php?id=566708"]
[Date "2009.4.4"]
[Round "1"]
[White "markam"]
[Black "westchessdf"]
[Result "0-1"]
[WhiteElo "1561"]
[BlackElo "1821"]

1. d4 Nf6 2. c4 g6 3. Nc3 Bg7 4. e4 d6 5. f3 b6 6. Bd3 Nbd7 7. Nge2 c5 8. d5 e6
9. Bg5 O-O 10. O-O Ba6 11. a4 Qc7 12. dxe6 fxe6 13. Nf4 Rae8 14. Qc2 Ne5 15. b3
h6 0-1